Nghiên cứu Pheromone giới tính của ngài sâu kéo màng hại cải, Hellula undalis Fabricius (Lepidoptera: Pyralidae) : Luận văn tốt nghiệp Cao học. Chuyên ngành Bảo vệ thực vật
Đề tài xác định thành phần pheromone giới tính của ngài H. undalis tại ĐBSCL, đánh giá khả năng hấp dẫn của mồi pheromone giới tính tổng hợp với H. undalis ở điều kiện ngoài đồng và khả năng quấy rối của tinh dầu sả và dầu tỏi đối với nga...
Saved in:
| Main Author: | |
|---|---|
| Format: | Book |
| Language: | Undetermined |
| Published: |
Cần Thơ
Trường Đại học Cần Thơ
2015
|
| Subjects: | |
| Tags: |
Add Tag
No Tags, Be the first to tag this record!
|
| Institutions: | Trung tâm Học liệu Trường Đại học Cần Thơ |
|---|
| LEADER | 01265nam a2200217Ia 4500 | ||
|---|---|---|---|
| 001 | CTU_205535 | ||
| 008 | 210402s9999 xx 000 0 und d | ||
| 082 | |a 632.9 | ||
| 082 | |b Th107 | ||
| 088 | |a 60620112 | ||
| 100 | |a Nguyễn, Nhựt Thanh | ||
| 245 | 0 | |a Nghiên cứu Pheromone giới tính của ngài sâu kéo màng hại cải, Hellula undalis Fabricius (Lepidoptera: Pyralidae) : | |
| 245 | 0 | |b Luận văn tốt nghiệp Cao học. Chuyên ngành Bảo vệ thực vật | |
| 245 | 0 | |c Nguyễn Nhựt Thanh ; Lê Văn Vàng (Cán bộ hướng dẫn) | |
| 260 | |a Cần Thơ | ||
| 260 | |b Trường Đại học Cần Thơ | ||
| 260 | |c 2015 | ||
| 520 | |a Đề tài xác định thành phần pheromone giới tính của ngài H. undalis tại ĐBSCL, đánh giá khả năng hấp dẫn của mồi pheromone giới tính tổng hợp với H. undalis ở điều kiện ngoài đồng và khả năng quấy rối của tinh dầu sả và dầu tỏi đối với ngài sâu kéo màng. | ||
| 650 | |a Plants, protection of,Bảo vệ thực vật | ||
| 904 | |i Hải | ||
| 980 | |a Trung tâm Học liệu Trường Đại học Cần Thơ | ||